| 000 | 00769cab a2200193 4500 | ||
|---|---|---|---|
| 001 | ABS51556 | ||
| 008 | 090401t1994 xxu||||| |||| 00| 0 eng d | ||
| 035 | _a(Sirsi) u33203 | ||
| 041 | _aeng | ||
| 245 | 4 | _aThe approach to sustainable development: statement by the Royal Commission on environmental pollution | |
| 260 | _c1994 | ||
| 350 | _a0 | ||
| 490 |
_aRoyal Commission on Environmental Pollution News Release _v27 September 1994 (6) |
||
| 520 | _aApplauding government initiatives on sustainable development, the Royal Commission stresses, in this statement, various elements it believes should be incorporated in future planning. | ||
| 650 | _aSUSTAINABLE DEVELOPMENT | ||
| 690 | _aENVIRONMENTAL AND LAND CONSULTANCY | ||
| 942 | _n0 | ||
| 948 | _c04/03/1997 | ||
| 999 |
_c22196 _d22196 |
||